Handmade: Hand deformities monitoring glove (Record no. 13634)
[ view plain ]
| 000 -LEADER | |
|---|---|
| fixed length control field | 00506nam a22001697a 4500 |
| 082 ## - DEWEY DECIMAL CLASSIFICATION NUMBER | |
| Classification number | BEE-4 TAR |
| 100 ## - MAIN ENTRY--PERSONAL NAME | |
| Personal name | Asad Tariq |
| 9 (RLIN) | 92136 |
| 245 ## - TITLE STATEMENT | |
| Title | Handmade: Hand deformities monitoring glove |
| 260 ## - PUBLICATION, DISTRIBUTION, ETC. | |
| Place of publication, distribution, etc. | Islamabad |
| Name of publisher, distributor, etc. | NUST-SEECS |
| Date of publication, distribution, etc. | 2016 |
| 300 ## - PHYSICAL DESCRIPTION | |
| Extent | 65p. |
| Other physical details | 27cm. |
| Accompanying material | CD includes |
| 500 ## - GENERAL NOTE | |
| General note | Supervisors: Dr. Osman Hassan, Dr. Sohail Iqbal |
| 563 ## - BINDING INFORMATION | |
| Binding note | HB |
| 700 ## - ADDED ENTRY--PERSONAL NAME | |
| Personal name | Mahnoor Ali |
| 9 (RLIN) | 93214 |
| 700 ## - ADDED ENTRY--PERSONAL NAME | |
| Personal name | Saad Mehmood |
| 9 (RLIN) | 93215 |
| 856 ## - ELECTRONIC LOCATION AND ACCESS | |
| Uniform Resource Identifier | <a href="http://10.250.8.41:8080/xmlui/handle/123456789/6272">http://10.250.8.41:8080/xmlui/handle/123456789/6272</a> |
| 942 ## - ADDED ENTRY ELEMENTS (KOHA) | |
| Koha item type | Project Report |
| Source of classification or shelving scheme | |
| Withdrawn status | Lost status | Source of classification or shelving scheme | Damaged status | Not for loan | Permanent Location | Current Location | Shelving location | Date acquired | Source of acquisition | Full call number | Barcode | Date last seen | Price effective from | Koha item type |
|---|---|---|---|---|---|---|---|---|---|---|---|---|---|---|
| WITHDRAWN | Central Library (CL) | Central Library (CL) | General Stacks | 07/25/2016 | NUST-SEECS | BEE-4 TAR | SEECSP01874 | 07/25/2016 | 07/25/2016 | Project Report | ||||
| WITHDRAWN | Central Library (CL) | Central Library (CL) | Thesis | 06/23/2021 | 621.3 | CL-BP-710 | 06/23/2021 | 06/23/2021 | Thesis |
